[Event "III Memorial Aldo Perini A"]
[Site "Senigallia ITA"]
[Date "2009.08.04"]
[Round "4"]
[White "Lucchi, Lorenzo"]
[Black "Dvirnyy, Danyyil"]
[Result "0-1"]
[WhiteElo "2040"]
[BlackElo "2440"]
[PlyCount "68"]
[EventDate "2009.08.01"]

1. d4 Nf6 2. c4 e6 3. Nc3 c5 4. d5 exd5 5. cxd5 d6 6. e4 g6 7. Bb5+ Nbd7 8. Qe2
Qe7 9. f4 a6 10. Bd3 Bg7 11. Nf3 O-O 12. e5 Ne8 13. O-O dxe5 14. Re1 e4 15.
Nxe4 Nd6 16. f5 Nxe4 17. Bg5 Ndf6 18. fxg6 hxg6 19. Nd2 Qe5 20. Bxf6 Qxf6 21.
Nxe4 Qxb2 22. Rab1 Qd4+ 23. Kh1 Qxd5 24. Qf3 Rd8 25. Rbc1 Bf5 26. Bc4 Qc6 27.
g4 Be6 28. Bxe6 Qxe6 29. Nxc5 Qxa2 30. Re2 Rd2 31. Qxb7 Rxe2 32. Qxa8+ Kh7 33.
Qf3 Rxh2+ 34. Kg1 Bd4+ 0-1

[Event "III Memorial Aldo Perini A"]
[Site "Senigallia ITA"]
[Date "2009.08.04"]
[Round "4"]
[White "Mandolini, Riccardo"]
[Black "Bozzali, Ermanno"]
[Result "1/2-1/2"]
[WhiteElo "1977"]
[BlackElo "2080"]
[PlyCount "35"]
[EventDate "2009.08.01"]

1. Nc3 c5 2. e4 Nc6 3. f4 e6 4. Nf3 d5 5. Bb5 Nge7 6. e5 a6 7. Bxc6+ Nxc6 8. d3
b5 9. Ne2 Bb7 10. d4 cxd4 11. Nexd4 Nxd4 12. Nxd4 Qh4+ 13. g3 Qh3 14. Qf3 Bc5
15. Be3 Rc8 16. O-O-O Bxd4 17. Bxd4 Qf5 18. Qd3 1/2-1/2

[Event "III Memorial Aldo Perini A"]
[Site "Senigallia ITA"]
[Date "2009.08.04"]
[Round "4"]
[White "Palmitessa, Chiara"]
[Black "Busetto, Giorgio"]
[Result "0-1"]
[WhiteElo "1807"]
[BlackElo "1882"]
[PlyCount "106"]
[EventDate "2009.08.01"]

1. e4 e6 2. d4 d5 3. Nd2 dxe4 4. Nxe4 Nf6 5. Bg5 Be7 6. Ng3 Nbd7 7. Nf3 c5 8.
Be2 Qc7 9. O-O O-O 10. c3 Rd8 11. Qc2 b6 12. Rad1 Bb7 13. dxc5 Qxc5 14. Be3 Qc6
15. c4 Ne5 16. b3 Nfg4 17. Bd4 Bc5 18. Bxc5 Qxc5 19. Rxd8+ Rxd8 20. Nxe5 Nxe5
21. Rd1 Rxd1+ 22. Qxd1 g6 23. Qd8+ Kg7 24. Nf1 Nc6 25. Qd2 Qd4 26. Bf3 Qxd2 27.
Nxd2 Nd8 28. Bxb7 Nxb7 29. Ne4 a5 30. Kf1 f5 31. Ng5 Nc5 32. Ke2 h6 33. Nf3 Kf6
34. Nd4 e5 35. Nb5 g5 36. Nc7 Nd7 37. Nd5+ Ke6 38. Nc7+ Kd6 39. Ne8+ Kc5 40.
Ng7 f4 41. Kd3 Kb4 42. Kc2 Nc5 43. Nf5 Ka3 44. Nxh6 e4 45. Nf5 Kxa2 46. Nd4 Nd3
47. f3 exf3 48. Nxf3 g4 49. Nd4 Ne1+ 50. Kd2 Nxg2 51. Ke2 Kb2 52. Kf2 Nh4 53.
Ne6 Kxb3 0-1

[Event "III Memorial Aldo Perini A"]
[Site "Senigallia ITA"]
[Date "2009.08.04"]
[Round "4"]
[White "Patrucco, Carlo"]
[Black "Frontini, Fabio"]
[Result "1/2-1/2"]
[WhiteElo "1815"]
[BlackElo "1943"]
[PlyCount "181"]
[EventDate "2009.08.01"]

1. e4 c6 2. d4 d5 3. exd5 cxd5 4. Bd3 Nc6 5. c3 Nf6 6. Bf4 a6 7. Nd2 Bd7 8.
Ngf3 Rc8 9. O-O g6 10. Ne5 Bg7 11. Ndf3 O-O 12. Re1 Bg4 13. Nxg4 Nxg4 14. Qd2
e6 15. h3 Nf6 16. Bg5 Na5 17. Ne5 Qc7 18. Qf4 Nd7 19. Nxd7 Qxd7 20. Bh6 Rfe8
21. Bxg7 Kxg7 22. Qe5+ f6 23. Qg3 Nc6 24. f4 Nd8 25. h4 Nf7 26. Re3 Nd6 27. h5
f5 28. h6+ Kxh6 29. Qg5+ Kg7 30. Rh3 Nf7 31. Qh4 Rh8 32. g4 Rce8 33. Re1 Qd8
34. Qg3 Nd6 35. Re5 Ne4 36. Bxe4 dxe4 37. gxf5 exf5 38. Rxf5 Qb6 39. Rh2 Qe6
40. Re5 Qxa2 41. Re2 Rxe5 42. dxe5 Rf8 43. Qg5 Qd5 44. Qe7+ Rf7 45. Qd6 Qxd6
46. exd6 Rxf4 47. d7 Rf8 48. Rxe4 Rd8 49. Re7+ Kh6 50. c4 g5 51. b4 Kg6 52. Kf2
h5 53. Kg3 Kf5 54. b5 axb5 55. cxb5 h4+ 56. Kh3 Kf6 57. Rh7 Ke6 58. Rg7 Rxd7
59. Rxg5 Rh7 60. Rc5 Kd6 61. Rg5 Re7 62. Kxh4 Re5 63. Rg6+ Kc5 64. b6 Rf5 65.
Kg4 Rf1 66. Re6 Kb5 67. Kg3 Ka6 68. Kg2 Rb1 69. Kf2 Rxb6 70. Re3 Rb4 71. Ke2 b5
72. Kd2 Rc4 73. Ra3+ Kb6 74. Kd3 Rh4 75. Kc2 Rh2+ 76. Kb1 Kc5 77. Rg3 Kb4 78.
Rg4+ Ka3 79. Rg3+ Ka4 80. Rg4+ b4 81. Rg3 b3 82. Rg8 Rh5 83. Ra8+ Kb4 84. Rb8+
Rb5 85. Rxb5+ Kxb5 86. Kb2 Kb4 87. Kb1 Kc4 88. Kb2 Kb4 89. Kb1 Kb5 90. Kb2 Kc4
91. Kb1 1/2-1/2

[Event "III Memorial Aldo Perini A"]
[Site "Senigallia ITA"]
[Date "2009.08.04"]
[Round "4"]
[White "Proietti, Tosca"]
[Black "Cannada Bartoli, Vincenzo"]
[Result "0-1"]
[WhiteElo "1829"]
[BlackElo "1981"]
[PlyCount "118"]
[EventDate "2009.08.01"]

1. e4 e6 2. Nf3 d5 3. e5 c5 4. b4 cxb4 5. d4 Nc6 6. a3 Bd7 7. axb4 Bxb4+ 8. c3
Be7 9. Bd3 h5 10. h4 Nh6 11. Na3 a6 12. Bg5 b5 13. Nc2 Nf5 14. Ne3 g6 15. Bxe7
Ncxe7 16. Ng5 Nxe3 17. fxe3 Nf5 18. Qf3 O-O 19. e4 dxe4 20. Nxe4 Kg7 21. Nf6
Qc7 22. Be4 Ra7 23. g4 hxg4 24. Nxg4 Rc8 25. Rc1 Bc6 26. Nf6 Bxe4 27. Nxe4 Nxd4
28. Qf6+ Kg8 29. h5 Qxe5 30. Qxe5 Nf3+ 31. Ke2 Nxe5 32. h6 Kh8 33. Ra1 f5 34.
Nd6 Rca8 35. Rhd1 Rd7 36. Rd4 Nc6 37. Rd3 b4 38. cxb4 Nxb4 39. Rd2 Nd5 40. Nc4
Nc3+ 41. Ke3 Rxd2 42. Kxd2 Ne4+ 43. Ke3 Kh7 44. Nb6 Ra7 45. Kf4 Kxh6 46. Ke5
Rb7 47. Nc4 Rc7 48. Ne3 Rc6 49. Rh1+ Kg7 50. Ra1 g5 51. Rg1 Kg6 52. Ng2 Kf7 53.
Ne3 Rc5+ 54. Kd4 e5+ 55. Kd3 Rc3+ 56. Ke2 Ke6 57. Ra1 Rc6 58. Kf3 g4+ 59. Nxg4
Ng5+ 0-1

[Event "III Memorial Aldo Perini A"]
[Site "Senigallia ITA"]
[Date "2009.08.04"]
[Round "4"]
[White "Quattrini, Massimo"]
[Black "Mazzariol, Oscar"]
[Result "1/2-1/2"]
[WhiteElo "1904"]
[BlackElo "2067"]
[PlyCount "91"]
[EventDate "2009.08.01"]

1. e4 c6 2. d4 g6 3. Bd3 Qb6 4. c3 d5 5. exd5 cxd5 6. Nf3 Nh6 7. O-O Bg7 8. Re1
Nc6 9. Qb3 O-O 10. Qxd5 e5 11. Qb5 exd4 12. Qxb6 axb6 13. Bxh6 Bxh6 14. Nxd4
Nxd4 15. cxd4 Bg7 16. Nc3 Bxd4 17. Bc4 Bf5 18. h3 Rfc8 19. Bb3 Bxc3 20. bxc3
Rxc3 21. g4 Bd3 22. Rad1 Bc4 23. Re7 Bxb3 24. axb3 Rxb3 25. Rdd7 Rf3 26. Kg2
Rf4 27. Kg3 Rf6 28. Rxb7 Ra3+ 29. Kg2 Ra2 30. Kg1 Rfxf2 31. Rxb6 Rfc2 32. Rf6
Rg2+ 33. Kf1 Rgc2 34. Kg1 Rc1+ 35. Rf1 Rxf1+ 36. Kxf1 Rh2 37. Re3 g5 38. Kg1
Ra2 39. Re5 h6 40. Rf5 Kg7 41. Kh1 Kg6 42. Rc5 h5 43. Rc6+ f6 44. gxh5+ Kxh5
45. Rxf6 Kh4 46. Rf3 1/2-1/2

[Event "III Memorial Aldo Perini A"]
[Site "Senigallia ITA"]
[Date "2009.08.04"]
[Round "4"]
[White "Rebeggiani, Luca"]
[Black "Pasquotto, Mirko"]
[Result "1-0"]
[WhiteElo "2019"]
[BlackElo "1922"]
[PlyCount "69"]
[EventDate "2009.08.01"]

1. Nf3 Nf6 2. g3 g6 3. Bg2 Bg7 4. O-O O-O 5. d4 d6 6. c4 Nbd7 7. Nc3 e5 8. d5
a5 9. a3 Nc5 10. Nd2 Ne8 11. Rb1 a4 12. b4 axb3 13. Nxb3 Nxb3 14. Qxb3 b6 15.
e4 f5 16. f4 exf4 17. Bxf4 Bd4+ 18. Kh1 Nf6 19. Nb5 Bc5 20. Bg5 Rf7 21. e5 dxe5
22. d6 Bd7 23. dxc7 Qc8 24. Rbd1 Ng4 25. Nd6 Bxd6 26. Rxd6 Qxc7 27. Rxd7 Rxd7
28. Bxa8 Qc5 29. h3 Nf2+ 30. Kg2 Rd3 31. Qb4 Qc8 32. Bd5+ Rxd5 33. cxd5 Ne4 34.
Rc1 Qa6 35. Qc4 1-0

[Event "III Memorial Aldo Perini A"]
[Site "Senigallia ITA"]
[Date "2009.08.04"]
[Round "4"]
[White "Rombaldoni, Axel"]
[Black "Xia, Jie"]
[Result "1-0"]
[WhiteElo "2425"]
[BlackElo "2206"]
[PlyCount "71"]
[EventDate "2009.08.01"]

1. e4 d5 2. exd5 Qxd5 3. Nc3 Qa5 4. d4 Nf6 5. Bd2 c6 6. Nf3 Bf5 7. Bc4 e6 8.
Nd5 Qd8 9. Nxf6+ gxf6 10. Be3 Bd6 11. Qe2 Nd7 12. Nh4 Bg6 13. Nxg6 hxg6 14.
O-O-O Nb6 15. Bd3 Nd5 16. c4 Nxe3 17. Qxe3 Qc7 18. Kb1 O-O-O 19. d5 Kb8 20. c5
Bf8 21. d6 Qa5 22. Qd4 Bg7 23. Be2 Rh7 24. h4 f5 25. Qc4 b6 26. Rh3 b5 27. Rb3
Kc8 28. Qf4 e5 29. Qg5 Rd7 30. h5 Qd8 31. Qd2 a6 32. a4 Rb7 33. axb5 axb5 34.
Bxb5 Rxb5 35. Rxb5 cxb5 36. d7+ 1-0

[Event "III Memorial Aldo Perini A"]
[Site "Senigallia ITA"]
[Date "2009.08.04"]
[Round "4"]
[White "Rotoni, Matteo"]
[Black "Burani, Eugenio"]
[Result "1-0"]
[WhiteElo "2189"]
[BlackElo "1993"]
[PlyCount "51"]
[EventDate "2009.08.01"]

1. e4 c5 2. c3 Nf6 3. e5 Nd5 4. d4 cxd4 5. cxd4 d6 6. Nf3 Nc6 7. Bc4 e6 8. O-O
Be7 9. Qe2 O-O 10. Qe4 Qc7 11. Re1 Ncb4 12. Bb3 Kh8 13. a3 f5 14. Qe2 Nc6 15.
Bxd5 exd5 16. Nc3 Qa5 17. b4 Nxb4 18. axb4 Qxa1 19. Nxd5 dxe5 20. Nxe7 e4 21.
Ng5 Qa6 22. Qh5 h6 23. Ng6+ Kg8 24. Nxf8 hxg5 25. Qe8 Qd6 26. Ne6+ 1-0

[Event "III Memorial Aldo Perini A"]
[Site "Senigallia ITA"]
[Date "2009.08.04"]
[Round "4"]
[White "Rovedi, Mauro"]
[Black "Stromboli, Ettore"]
[Result "0-1"]
[WhiteElo "2033"]
[BlackElo "2272"]
[PlyCount "112"]
[EventDate "2009.08.01"]

1. Nf3 Nf6 2. c4 b6 3. g3 Bb7 4. Bg2 e6 5. Nc3 Be7 6. O-O O-O 7. d4 Ne4 8. Qd3
Nxc3 9. bxc3 f5 10. Ne5 Bxg2 11. Kxg2 Qc8 12. Qf3 c6 13. a4 Qc7 14. h4 d6 15.
Nd3 e5 16. e4 d5 17. Nxe5 dxe4 18. Qe2 Bd6 19. Bf4 Nd7 20. Nxd7 Qxd7 21. Bxd6
Qxd6 22. a5 Rae8 23. axb6 f4 24. Qg4 axb6 25. Ra7 f3+ 26. Kg1 Qh6 27. Qg5 Qxg5
28. hxg5 Rf5 29. Rb1 Rxg5 30. Rxb6 h5 31. Kf1 h4 32. gxh4 Rg2 33. Rbb7 e3 34.
fxe3 Rxe3 35. Rf7 Rxc3 36. Rxf3 Rxf3+ 37. Kxg2 Rf4 38. Rc7 Rxd4 39. Rxc6 Rxh4
40. Rc7 Kh7 41. Kg3 Rh1 42. Kg4 Kh6 43. c5 Rc1 44. Rc8 Kg6 45. Kf4 Kf6 46. Rc6+
Kf7 47. Ke5 Re1+ 48. Kd6 g5 49. Kc7 g4 50. Rd6 g3 51. Rd3 g2 52. c6 g1=Q 53.
Rd7+ Re7 54. Kc8 Rxd7 55. Kxd7 Qb6 56. c7 Qe6+ 0-1

[Event "III Memorial Aldo Perini A"]
[Site "Senigallia ITA"]
[Date "2009.08.04"]
[Round "4"]
[White "Salmoiraghi, Angelo"]
[Black "Faini, Marco"]
[Result "1/2-1/2"]
[WhiteElo "2151"]
[BlackElo "1924"]
[PlyCount "106"]
[EventDate "2009.08.01"]

1. e4 c5 2. Nf3 d6 3. c3 Nf6 4. Be2 e6 5. O-O Be7 6. Re1 O-O 7. Bf1 Nc6 8. h3
Qc7 9. d4 d5 10. e5 Ne4 11. Nbd2 Nxd2 12. Bxd2 f5 13. a3 c4 14. h4 b5 15. Bg5
a5 16. b4 axb4 17. axb4 Rxa1 18. Qxa1 Bb7 19. Qb2 Ra8 20. Bxe7 Qxe7 21. Ra1
Rxa1 22. Qxa1 h6 23. g3 Qe8 24. Bh3 Qh5 25. Bg2 Qe8 26. Bf1 Qa8 27. Qxa8+ Bxa8
28. Bh3 Bb7 29. Kf1 Kf7 30. Ke2 Ne7 31. Ke3 g6 32. g4 Bc6 33. Kf4 Bd7 34. h5
fxg4 35. hxg6+ Nxg6+ 36. Kxg4 Kg7 37. Bf1 Be8 38. Be2 Ne7 39. Nh4 Bg6 40. Nxg6
Nxg6 41. Bd1 Ne7 42. Bc2 Kf7 43. f4 Kg7 44. Kh5 Nc8 45. f5 exf5 46. Bxf5 Nb6
47. Bc2 Na4 48. Bxa4 bxa4 49. b5 a3 50. b6 a2 51. b7 a1=Q 52. b8=Q Qh1+ 53. Kg4
Qe4+ 1/2-1/2

[Event "III Memorial Aldo Perini A"]
[Site "Senigallia ITA"]
[Date "2009.08.04"]
[Round "4"]
[White "Salvioli, Alessandro"]
[Black "Fontana, Enrico"]
[Result "1/2-1/2"]
[WhiteElo "1866"]
[BlackElo "2130"]
[PlyCount "52"]
[EventDate "2009.08.01"]

1. e4 c5 2. Nf3 Nc6 3. d4 cxd4 4. Nxd4 e5 5. Nb5 a6 6. Nd6+ Bxd6 7. Qxd6 Qf6 8.
Qd2 Qg6 9. Nc3 Nge7 10. f3 d6 11. Bd3 O-O 12. b3 Kh8 13. Bb2 f5 14. O-O-O b5
15. f4 Qh6 16. g3 fxe4 17. Bxe4 Bg4 18. fxe5 Qxd2+ 19. Rxd2 dxe5 20. Nd5 Bf3
21. Bxf3 Rxf3 22. Nxe7 Nxe7 23. Bxe5 h5 24. Rd7 Nf5 25. Rg1 Re8 26. Bb2 Re2
1/2-1/2

[Event "III Memorial Aldo Perini A"]
[Site "Senigallia ITA"]
[Date "2009.08.04"]
[Round "4"]
[White "Scivales, Daniel"]
[Black "Miandro, Steven"]
[Result "1-0"]
[WhiteElo "2037"]
[BlackElo "1878"]
[PlyCount "61"]
[EventDate "2009.08.01"]

1. d4 Nf6 2. c4 g6 3. Nc3 Bg7 4. e4 d6 5. Nf3 O-O 6. Be2 e5 7. d5 a5 8. Bg5
Nbd7 9. Nd2 h6 10. Bh4 g5 11. Bg3 Re8 12. h4 Nf8 13. hxg5 hxg5 14. f3 b6 15.
Bf2 Ng6 16. Qc2 Nf4 17. Bf1 g4 18. O-O-O Bd7 19. g3 Ng6 20. Be2 gxf3 21. Bxf3
Bg4 22. Be3 Bxf3 23. Nxf3 Ng4 24. Qe2 Nxe3 25. Qxe3 Qd7 26. Rdf1 Re7 27. Qg5
Nf8 28. Nh4 Nh7 29. Qh5 Nf6 30. Rxf6 Bxf6 31. Nf5 1-0

[Event "III Memorial Aldo Perini A"]
[Site "Senigallia ITA"]
[Date "2009.08.04"]
[Round "4"]
[White "Stromboli, Carlo"]
[Black "Grazzi, Roberto"]
[Result "1/2-1/2"]
[WhiteElo "2289"]
[BlackElo "2026"]
[PlyCount "87"]
[EventDate "2009.08.01"]

1. e4 e5 2. Nf3 Nc6 3. d4 exd4 4. Bc4 Nf6 5. O-O Nxe4 6. Re1 d5 7. Bxd5 Qxd5 8.
Nc3 Qh5 9. Nxe4 Be6 10. Bg5 Bd6 11. Nxd6+ cxd6 12. Bf4 Qd5 13. c3 Rc8 14. Nxd4
Nxd4 15. Re3 Nf3+ 16. Rxf3 Qxd1+ 17. Rxd1 d5 18. Rg3 g6 19. Be3 a6 20. Bd4 O-O
21. Re3 Rfe8 22. f3 f5 23. Kf2 Bd7 24. Be5 Bc6 25. Rde1 Kf7 26. Bf4 Rxe3 27.
Rxe3 Re8 28. Rxe8 Bxe8 29. Ke3 Ke6 30. Kd4 Bc6 31. Kc5 Kd7 32. Kb6 Kc8 33. Kc5
Kd7 34. b3 Ke6 35. a4 Kd7 36. Kb6 Kc8 37. Ka5 Kd7 38. Be3 Kc7 39. Bf4+ Kd7 40.
Be3 Kc7 41. b4 Kd6 42. Bf4+ Ke7 43. h4 h5 44. b5 1/2-1/2

[Event "III Memorial Aldo Perini A"]
[Site "Senigallia ITA"]
[Date "2009.08.05"]
[Round "5"]
[White "Bonazzi, Edoardo"]
[Black "Corti, Corrado"]
[Result "1/2-1/2"]
[WhiteElo "2183"]
[BlackElo "2045"]
[PlyCount "90"]
[EventDate "2009.08.01"]

1. Nf3 d5 2. c4 c6 3. g3 Nf6 4. Bg2 e6 5. O-O Be7 6. d4 dxc4 7. Ne5 O-O 8. Nc3
Nd5 9. Nxc4 Nd7 10. e4 Nxc3 11. bxc3 b6 12. Re1 Ba6 13. Qb3 Rc8 14. Bf4 Bxc4
15. Qxc4 Bg5 16. Bxg5 Qxg5 17. Qa4 Rc7 18. Rad1 Rfc8 19. f4 Qf6 20. Bh3 Rd8 21.
Kg2 g6 22. Rf1 Qg7 23. e5 Kh8 24. Rf2 h5 25. Kh1 Rg8 26. Bg2 Nb8 27. c4 Rd8 28.
Rfd2 Qf8 29. h4 Kg7 30. Kh2 Qe7 31. d5 cxd5 32. cxd5 exd5 33. Rxd5 Rcd7 34. Qd4
Rxd5 35. Bxd5 Qc5 36. Qe4 Qe7 37. f5 f6 38. e6 Nc6 39. Bb3 Rxd1 40. Bxd1 Ne5
41. fxg6 Qxe6 42. Bxh5 Qxa2+ 43. Kh3 Qe6+ 44. Kh2 Qa2+ 45. Kh3 Qe6+ 1/2-1/2

[Event "III Memorial Aldo Perini A"]
[Site "Senigallia ITA"]
[Date "2009.08.05"]
[Round "5"]
[White "Bozzali, Ermanno"]
[Black "Calavalle, Giulio"]
[Result "1/2-1/2"]
[WhiteElo "2080"]
[BlackElo "2228"]
[PlyCount "73"]
[EventDate "2009.08.01"]

1. e4 c5 2. Nf3 Nc6 3. d4 cxd4 4. Nxd4 Nf6 5. Nc3 e6 6. g3 Bb4 7. Bg2 d5 8.
exd5 Nxd5 9. O-O O-O 10. Nxd5 exd5 11. Nxc6 bxc6 12. c4 Ba6 13. Qa4 Qa5 14.
Qxc6 Bxc4 15. Rd1 Rac8 16. Qd7 Rfd8 17. Qg4 Qa6 18. Bf1 Bxf1 19. Rxf1 Qc4 20.
Qxc4 Rxc4 21. Rd1 f6 22. Be3 Bc5 23. Rac1 Rxc1 24. Rxc1 Bxe3 25. fxe3 Rd7 26.
Kf2 Kf7 27. Kf3 Ke6 28. Rc6+ Ke5 29. Ra6 Rb7 30. b3 f5 31. h4 g6 32. Rc6 Rd7
33. b4 d4 34. Rc5+ Rd5 35. exd4+ Kxd4 36. Rc7 a5 37. bxa5 1/2-1/2

[Event "III Memorial Aldo Perini A"]
[Site "Senigallia ITA"]
[Date "2009.08.05"]
[Round "5"]
[White "Briffault, Philippe"]
[Black "Patrucco, Carlo"]
[Result "0-1"]
[WhiteElo "1954"]
[BlackElo "1815"]
[PlyCount "74"]
[EventDate "2009.08.01"]

1. d4 Nf6 2. Nf3 c5 3. d5 b5 4. c4 g6 5. Nc3 b4 6. Nb1 a5 7. a4 Bg7 8. Nbd2 d6
9. e4 Nbd7 10. h3 O-O 11. Bd3 e6 12. O-O Ba6 13. Qc2 exd5 14. cxd5 Bxd3 15.
Qxd3 Re8 16. Rb1 Nb6 17. Re1 Nxa4 18. Nc4 Nb6 19. Nxb6 Qxb6 20. e5 dxe5 21.
Nxe5 Qd6 22. Bf4 Qxd5 23. Qb5 c4 24. Qb6 Nd7 25. Nxd7 Rxe1+ 26. Rxe1 Qxd7 27.
Be5 c3 28. bxc3 bxc3 29. Bxg7 Kxg7 30. Qc5 Qd2 31. Qe5+ Kg8 32. Re2 Qd1+ 33.
Kh2 c2 34. Qe4 Rc8 35. Re1 Qxe1 36. Qxe1 c1=Q 37. Qxa5 Qc7+ 0-1

[Event "III Memorial Aldo Perini A"]
[Site "Senigallia ITA"]
[Date "2009.08.05"]
[Round "5"]
[White "Bruglia Prazio, Orlando"]
[Black "Salmoiraghi, Angelo"]
[Result "0-1"]
[WhiteElo "1902"]
[BlackElo "2151"]
[PlyCount "126"]
[EventDate "2009.08.01"]

1. d4 Nf6 2. Nf3 e6 3. Bf4 Be7 4. e3 b6 5. Nbd2 Bb7 6. Bd3 c5 7. c3 d6 8. Qe2
cxd4 9. cxd4 Nh5 10. Bg3 Nd7 11. e4 e5 12. Bb5 O-O 13. O-O Nxg3 14. hxg3 a6 15.
Bxd7 Qxd7 16. dxe5 dxe5 17. Nxe5 Qd4 18. Ndf3 Qxe4 19. Qxe4 Bxe4 20. Nd7 Rfe8
21. Nxb6 Rab8 22. Nc4 Bd3 23. Rfc1 Bf6 24. Ne1 Rxe1+ 25. Rxe1 Bxc4 26. Re4 Be6
27. Ra4 Rb6 28. Rd1 g6 29. b3 Kg7 30. Rd2 Rc6 31. Kh2 h5 32. Kg1 g5 33. Kh2 h4
34. gxh4 gxh4 35. Re2 Bd8 36. Rae4 Bf5 37. Rc4 Rd6 38. Rc1 Bg5 39. Rc5 Kg6 40.
g3 hxg3+ 41. fxg3 Bf6 42. b4 Rb6 43. a3 Rd6 44. b5 axb5 45. Rxb5 Rd8 46. Rb6
Rh8+ 47. Kg2 Kg7 48. Kf3 Ra8 49. Rb3 Be6 50. Rbe3 Bd5+ 51. Kg4 Rh8 52. Rc2 Be6+
53. Kf3 Bd4 54. Ree2 Ra8 55. Rc7 Rxa3+ 56. Kg2 Bd5+ 57. Kh3 Ra6 58. g4 Ra3+ 59.
Kh2 Be3 60. Re7 Bf4+ 61. Kg1 Bg3 62. Re1 Bxe1 63. Rxe1 Rg3+ 0-1

[Event "III Memorial Aldo Perini A"]
[Site "Senigallia ITA"]
[Date "2009.08.05"]
[Round "5"]
[White "Busetto, Giorgio"]
[Black "Giuliani, Sante"]
[Result "1/2-1/2"]
[WhiteElo "1882"]
[BlackElo "1987"]
[PlyCount "109"]
[EventDate "2009.08.01"]

1. e4 d5 2. exd5 Qxd5 3. Nc3 Qa5 4. d4 Nf6 5. h3 Bf5 6. Nf3 Nbd7 7. Bd3 e6 8.
O-O c6 9. Re1 Bxd3 10. Qxd3 Bd6 11. Bd2 Qc7 12. Rad1 O-O 13. Qe2 Nd5 14. Ne4
Nf4 15. Bxf4 Bxf4 16. g3 Bh6 17. Rd3 g6 18. Red1 Bg7 19. c4 Rad8 20. c5 Nf6 21.
Nd6 Ne8 22. Nc4 Qd7 23. Nfe5 Qc7 24. Kg2 Rd5 25. Ra3 b5 26. Ne3 Rd8 27. f4 a5
28. Rad3 Nf6 29. Qf3 Nd5 30. a3 h5 31. g4 h4 32. Nxd5 Rxd5 33. g5 Bxe5 34. fxe5
Qe7 35. Qf4 Kg7 36. Rf3 Rh8 37. Rdf1 Rd7 38. Qe3 Qd8 39. Rf6 Rh7 40. R1f4 Rh5
41. Rg4 Rc7 42. Qe4 a4 43. Kf2 b4 44. Rxh4 Rxh4 45. Qxh4 bxa3 46. bxa3 Qb8 47.
Rf3 Rb7 48. Qf4 Rb2+ 49. Kg3 Qb7 50. Qf6+ Kg8 51. h4 Rb3 52. h5 Rxf3+ 53. Kxf3
Qb3+ 54. Kf4 gxh5 55. Qd8+ 1/2-1/2

[Event "III Memorial Aldo Perini A"]
[Site "Senigallia ITA"]
[Date "2009.08.05"]
[Round "5"]
[White "Cannada Bartoli, Vincenzo"]
[Black "Rebeggiani, Luca"]
[Result "0-1"]
[WhiteElo "1981"]
[BlackElo "2019"]
[PlyCount "98"]
[EventDate "2009.08.01"]

1. c4 e6 2. Nc3 d5 3. d4 Nf6 4. a3 Be7 5. Nf3 a6 6. cxd5 exd5 7. Bf4 Nbd7 8. h3
c6 9. e3 O-O 10. Bd3 Re8 11. O-O Nf8 12. Rc1 Ng6 13. Bh2 Bd6 14. Bxd6 Qxd6 15.
Ne2 Ne4 16. Bxe4 dxe4 17. Nd2 Re7 18. Ng3 f5 19. Qh5 Rf7 20. Rc5 Qf6 21. Nc4
Ne7 22. Ne5 g6 23. Qd1 Rg7 24. Qb3+ Nd5 25. Qc2 h5 26. Ne2 g5 27. f3 Be6 28.
Qd2 exf3 29. Rxf3 g4 30. hxg4 hxg4 31. Rg3 Qh4 32. Kf2 Nf6 33. Nc3 Rf8 34. Qe1
Nh5 35. Ne2 Nxg3 36. Nxg3 f4 37. exf4 Rxf4+ 38. Ke3 Rf8 39. Rc3 Bd5 40. Rc2
Qh6+ 41. Kd3 Qh7+ 42. Kc3 c5 43. dxc5 Re7 44. Rd2 Bc6 45. Rd6 Rfe8 46. Qe2 Rxe5
47. Qxg4+ Kh8 48. Qd4 Qg7 49. Qh4+ Rh5+ 0-1

[Event "III Memorial Aldo Perini A"]
[Site "Senigallia ITA"]
[Date "2009.08.05"]
[Round "5"]
[White "Dvirnyy, Danyyil"]
[Black "Rombaldoni, Axel"]
[Result "1/2-1/2"]
[WhiteElo "2440"]
[BlackElo "2425"]
[PlyCount "29"]
[EventDate "2009.08.01"]

1. d4 f5 2. c4 Nf6 3. g3 g6 4. Bg2 Bg7 5. Nc3 O-O 6. Nf3 d6 7. O-O Qe8 8. d5 e5
9. dxe6 Qxe6 10. Nd5 Na6 11. Be3 Ng4 12. Bd4 Ne5 13. Nf4 Qe7 14. Nd5 Qe6 15.
Nf4 1/2-1/2

[Event "III Memorial Aldo Perini A"]
[Site "Senigallia ITA"]
[Date "2009.08.05"]
[Round "5"]
[White "Foglia, Maurizio"]
[Black "Stromboli, Carlo"]
[Result "1/2-1/2"]
[WhiteElo "2140"]
[BlackElo "2289"]
[PlyCount "79"]
[EventDate "2009.08.01"]

1. Nf3 Nf6 2. d4 e6 3. Bf4 b6 4. e3 Bb7 5. Nbd2 Be7 6. h3 O-O 7. c3 d6 8. Be2
Nbd7 9. O-O a6 10. a4 c5 11. Qb1 Ra7 12. Rd1 Qa8 13. Ne1 Rd8 14. Nc4 Be4 15.
Qa2 Bd5 16. b3 Qb8 17. f3 Ra8 18. e4 Bc6 19. Ne3 Qb7 20. Qb2 b5 21. axb5 axb5
22. Rxa8 Rxa8 23. Bg3 Bf8 24. Bf1 Nb6 25. dxc5 dxc5 26. Bf2 Qa6 27. N3c2 Nfd7
28. Nd3 Qa2 29. Ra1 Qxb2 30. Nxb2 Rxa1 31. Nxa1 Bd6 32. Nc2 Be5 33. Nd3 Bd6 34.
Nb2 Kf8 35. b4 e5 36. bxc5 Bxc5 37. Nb4 Bd6 38. Nc2 Nc5 39. Nb4 Bd7 40. c4
1/2-1/2

[Event "III Memorial Aldo Perini A"]
[Site "Senigallia ITA"]
[Date "2009.08.05"]
[Round "5"]
[White "Frontini, Fabio"]
[Black "Iacoacci, Giancarlo"]
[Result "1/2-1/2"]
[WhiteElo "1943"]
[BlackElo "1770"]
[PlyCount "100"]
[EventDate "2009.08.01"]

1. e4 c6 2. c4 d5 3. exd5 cxd5 4. cxd5 Nf6 5. Qa4+ Nbd7 6. Nc3 g6 7. g3 Bg7 8.
Bg2 O-O 9. Nge2 Nb6 10. Qb3 Nbd7 11. d4 Ne8 12. O-O Nd6 13. Be3 a6 14. Ne4 Nf5
15. Rac1 Nxe3 16. fxe3 Rb8 17. Ng5 Nf6 18. Ne4 Nxd5 19. Nc5 Nb6 20. Rf2 e6 21.
Rcf1 Nd5 22. Nxa6 bxa6 23. Qxb8 Nxe3 24. Rc1 Nxg2 25. Rxg2 Bxd4+ 26. Nxd4 Qxd4+
27. Rf2 Bd7 28. Qf4 Qg7 29. Rc7 Bb5 30. a4 Bd3 31. Qe3 Bf5 32. h4 h5 33. Ra7
Rd8 34. Rxa6 Rd3 35. Qg5 Kh7 36. Kh2 Qd4 37. Qf4 Qd5 38. Ra7 Kg7 39. Qc7 e5 40.
Qb7 Qe6 41. Qe7 e4 42. Qxe6 Bxe6 43. Re2 e3 44. Kg2 Bg4 45. Kf1 Rd1+ 46. Re1
Bh3+ 47. Ke2 Bg4+ 48. Kf1 Bh3+ 49. Ke2 Bg4+ 50. Kf1 Bh3+ 1/2-1/2

[Event "III Memorial Aldo Perini A"]
[Site "Senigallia ITA"]
[Date "2009.08.05"]
[Round "5"]
[White "Gandolfi, Gianfranco"]
[Black "Rovedi, Mauro"]
[Result "0-1"]
[WhiteElo "1880"]
[BlackElo "2033"]
[PlyCount "58"]
[EventDate "2009.08.01"]

1. e4 d6 2. d4 g6 3. Bc4 c6 4. a4 Nf6 5. Nc3 Bg7 6. Bb3 O-O 7. h3 Nbd7 8. Nf3
e5 9. dxe5 dxe5 10. Be3 Qe7 11. Bc4 Qb4 12. Qd3 Nc5 13. Bxc5 Qxc5 14. O-O Nh5
15. Ne2 Nf4 16. Nxf4 exf4 17. Qb3 g5 18. e5 g4 19. Ng5 Qe7 20. Ne4 gxh3 21.
gxh3 Bxe5 22. Qf3 Kh8 23. Kh2 Rg8 24. c3 Qh4 25. Rg1 Bf5 26. Bd3 Rad8 27. Rxg8+
Rxg8 28. Nd6 Be6 29. Nxb7 Bg4 0-1

[Event "III Memorial Aldo Perini A"]
[Site "Senigallia ITA"]
[Date "2009.08.05"]
[Round "5"]
[White "Gromovs, Sergejs"]
[Black "Scivales, Daniel"]
[Result "1-0"]
[WhiteElo "2339"]
[BlackElo "2037"]
[PlyCount "47"]
[EventDate "2009.08.01"]

1. d4 Nf6 2. Nf3 b6 3. c4 e6 4. a3 Bb7 5. Nc3 d5 6. cxd5 Nxd5 7. Qc2 Be7 8. e4
Nxc3 9. bxc3 c5 10. Bb5+ Bc6 11. Bd3 O-O 12. O-O h6 13. Rd1 Qc8 14. d5 exd5 15.
exd5 Bb7 16. Bf4 Qg4 17. Bg3 Bxd5 18. Ne5 Qe6 19. Bh7+ Kh8 20. Rxd5 g6 21. Bxg6
fxg6 22. Nxg6+ Kg7 23. Re5 Qxg6 24. Rxe7+ 1-0